紙巻きたばこ売上2021年度TOP20 - Statistics

General Stats
  • This quiz has been taken 119 times
  • The average score is 15 of 20
Answer Stats
順位 煙草銘柄 タール ニコチン 価格 % Correct
4 メビウス・スーパーライト 6mg 0.5mg 580円
92%
5 メビウス・エクストラライト 3mg 0.3mg 580円
92%
6 メビウス・ライト 8mg 0.7mg 580円
92%
7 メビウス 10mg 0.8mg 580円
92%
15 メビウス・エクストラライト・ボックス 3mg 0.3mg 580円
92%
18 メビウス・ワン 1mg 0.1mg 580円
92%
2 メビウス・ワン・100’s・ボックス 1mg 0.1mg 580円
92%
8 メビウス・エクストラライト・100’s・ボックス 3mg 0.3mg 580円
92%
11 メビウス・スーパーライト・100’s・ボックス 6mg 0.5mg 580円
92%
14 メビウス・プレミアムメンソール・オプション・パープル・5 5mg 0.5mg 580円
92%
1 セブンスター 14mg 1.2mg 600円
87%
3 セブンスター・ボックス 14mg 1.2mg 600円
87%
19 マールボロ メンソール 8 ボックス 8mg 0.6mg 600円
76%
12 マールボロ KS ボックス 12mg 0.9mg 600円
76%
16 ラッキーストライク・エキスパートカット・6 6mg 0.5mg 450円
54%
20 ホープ (10) 14mg 1.1mg 300円
49%
10 ウインストン・キャスター・ホワイト・ワン・100’s・ボックス 1mg 0.1mg 540円
41%
17 ウインストン・キャスター・ホワイト・5 5mg 0.4mg 540円
41%
9 ケント・1・100・ボックス 1mg 0.1mg 520円
36%
13 ケント・1・100・ボックス 1mg 0.1mg 500円
36%
No matching quizzes found
Score Distribution
Percent of People with Each Score
Percentile by Number Answered
Your Score History
You have not taken this quiz